[Event "29th CRO-chT Junior 2020"]
[Site "Cakovec"]
[Date "2020.07.16"]
[Round "6.19"]
[White "Mandaric, Fran"]
[Black "Borzan, Matej"]
[Result "1-0"]
[WhiteElo "1671"]
[BlackElo "1746"]
[Annotator "NA RC"]
[PlyCount "47"]
[EventDate "2020.07.14"]
[EventType "team-tourn"]
[EventCountry "CRO"]
[SourceTitle "playchess.com"]
[Source "ChessBase"]
[SourceQuality "1"]
[TimeControl "5400+30"]

1. e4 {[%emt 0:00:30]} d6 {[%emt 0:00:30]} 2. d4 {[%emt 0:00:00]} Nf6 {[%emt 0:00:30]} 3. Nc3 {[%emt 0:00:00]} g6 {[%emt 0:00:00]} 4. Nf3 {[%emt 0:00:30]} Bg7 {[%emt 0:00:00]} 5. Bc4 {[%emt 0:00:00]} O-O {[%emt 0:00:00]} 6. Qe2 {[%emt 0:00:00]} Nbd7 {[%emt 0:00:00]} 7. e5 {[%emt 0:02:30]} dxe5 {[%emt 0:06:30]} 8. dxe5 {[%emt 0:00:00]} Ng4 {[%emt 0:00:30]} 9. e6 {[%emt 0:06:00]} Nde5 {[%emt 0:01:30]} 10. exf7+ {[%emt 0:11:30]} Kh8 {[%emt 0:02:30]} 11. h3 {[%emt 0:08:30]} Nxf3+ {[%emt 0:00:30]} 12. gxf3 {[%emt 0:02:30]} Ne5 {[%emt 0:00:30]} 13. Bg5 {[%emt 0:02:30]} Nxc4 {[%emt 0:07:30]} 14. Bxe7 {[%emt 0:13:30]} Qd4 {[%emt 0:01:30]} 15. Bxf8 {[%emt 0:02:30]} Bxf8 {[%emt 0:00:00]} 16. Qe8 {[%emt 0:06:30]} Qe5+ {[%emt 0:04:00]} 17. Ne4 {[%emt 0:03:30]} Kg7 {[%emt 0:04:30]} 18. Rd1 {[%emt 0:13:30]} Qf5 {[%emt 0:06:30]} 19. O-O {[%emt 0:12:46]} Qxf3 {[%emt 0:05:30]} 20. Ng5 {[%emt 0:03:52]} Qh5 {[%emt 0:03:30]} 21. Qxf8+ {[%emt 0:00:34]} Kf6 {[%emt 0:00:30]} 22. Qd8+ {[%emt 0:00:28]} Ke5 {[%emt 0:00:00]} 23. f4+ {[%emt 0:01:04]} Kf5 {[%emt 0:00:00]} 24. f8=Q# {[%emt 0:00:16]} 1-0

[Event "29th CRO-chT Junior 2020"]
[Site "Cakovec"]
[Date "2020.07.16"]
[Round "6.20"]
[White "Dankos, Mislav"]
[Black "Markovic, Marko"]
[Result "0-1"]
[WhiteElo "1274"]
[BlackElo "2232"]
[Annotator "TA"]
[PlyCount "86"]
[EventDate "2020.07.14"]
[EventType "team-tourn"]
[EventCountry "CRO"]
[SourceTitle "playchess.com"]
[Source "ChessBase"]
[SourceQuality "1"]

{[%evp 11,86,27,33,31,32,38,111,130,173,164,173,186,197,67,50,53,47,-17,-12,-31,-34,-33,-34,-40,-33,-41,-38,-47,-43,-35,325,339,29988,452,420,-23,-26,-22,-23,-71,-70,-74,-81,-82,-53,-56,-18,-66,-47,-83,-82,-88,-105,-109,-83,-70,-75,-70,-17,-24,0,-72,-91,-626,-527,-1383,-1211,-1934,-1932,-29977,-29978,-29988,-29989,-29990,-29991,-29993,-29994]} 1. d4 d5 2. c4 e6 3. Nc3 Nf6 4. Bg5 Bb4 5. Nf3 O-O 6. e3 h6 7. Bh4 {D38: Queen's Gambit Declined: Ragozin Defence (4 Nf3 Bb4).} c5 8. cxd5 {[#]} Qa5 $146 (8... exd5 $14 9. Bd3 Bg4) ({Predecessor:} 8... g5 9. Bg3 Nxd5 10. Rc1 f5 11. Bc4 Nc6 12. O-O cxd4 13. Nxd5 exd5 14. Bb3 dxe3 15. Bxd5+ {1-0 (77) Shimanov,A (2646)-Petrosian,T (2615) Saint Louis 2017}) 9. Bxf6 $1 $16 {White is better.} Bxc3+ 10. bxc3 Qxc3+ 11. Nd2 gxf6 12. dxc5 (12. dxe6 $18 Bxe6 13. Rc1) 12... Qxc5 $14 13. dxe6 Bxe6 14. Be2 ({White should play} 14. Bc4 $14) 14... Rd8 $11 {Threatens to win with ...Qa5.} 15. Rc1 Qa5 16. Rc2 Nc6 {[%cal Bb8c6,Bc6b4,Bb4a2][%mdl 32] Strongly threatening ...Rd6.} (16... Bxa2 $2 17. Qa1 $18) 17. O-O Nb4 18. Rb2 Nxa2 {Hoping for ...Rac8.} 19. Qc2 Rac8 20. Nc4 Bxc4 $4 {[%mdl 8192]} (20... Qc7 $15 {stays ahead.}) 21. Bxc4 $18 {White wants to mate with Qg6+!} Qc5 $2 {[#]} (21... Kf8 $18 22. Rxa2 Qc7) 22. Bxf7+ (22. Qg6+ $142 $1 {[%mdl 512]} Kh8 23. Qxf6+ Kh7 24. Qxf7+ Kh8 25. Rxb7 Qc7 26. Rxc7 Rxc7 27. Qxc7 {[%mdl 64] Double Attack}) 22... Kxf7 23. Qxc5 $2 ({Don't take} 23. Rxb7+ Ke6 $18) ({Better is} 23. Qh7+ $18 Ke6 24. Rxb7 (24. Rxa2 Rc7 $18)) 23... Rxc5 $11 24. Rxa2 {[%mdl 4096] Endgame KRR-KRR} a5 25. Rb1 {[#]} Rb5 $1 {[%cal Rb5b1][%mdl 512]} 26. Rba1 (26. Rxb5 Rd1#) 26... b6 27. g3 Rd3 28. Kg2 Rdb3 29. Kf3 Rb1 30. h4 Rxa1 31. Rxa1 $17 {KR-KR} Rb4 32. Ke2 a4 {[%cal Ba5a4,Ba4a3,Ba3a2][%mdl 32]} 33. Kd3 b5 {[%cal Bb6b5,Bb5b4,Bb4b3][%mdl 32]} 34. Kc3 Rc4+ (34... Rb3+ $1 $15 35. Kc2 Ke6) 35. Kd3 $11 Rb4 36. Kc3 $1 {[%cal Rc3b4] [#]} Rb3+ $1 37. Kd4 $2 {[%mdl 8192]} (37. Kc2 $17) 37... a3 $19 38. Kc5 b4 39. h5 Rb2 40. Kd6 a2 {Black mates.} 41. Rc1 Rd2+ 42. Kc7 b3 43. Kb7 Rc2 {Quite a comeback for Black. Accuracy: White = 49%, Black = 71%.} 0-1

[Event "29th CRO-chT Junior 2020"]
[Site "Cakovec"]
[Date "2020.07.17"]
[Round "7.1"]
[White "Cotic, Borna"]
[Black "Damjanovic, Stjepan"]
[Result "1-0"]
[WhiteElo "2049"]
[BlackElo "1867"]
[Annotator "TA"]
[PlyCount "155"]
[EventDate "2020.07.14"]
[EventType "team-tourn"]
[EventCountry "CRO"]
[SourceTitle "playchess.com"]
[Source "ChessBase"]
[SourceQuality "1"]

{[%evp 16,155,20,16,23,-30,-30,-25,-20,-89,-4,-18,-6,-9,31,-26,0,0,0,0,0,0,10,10,17,11,12,-24,0,-8,3,-12,51,46,41,34,48,60,82,50,37,44,91,91,99,81,81,74,81,24,103,24,24,24,24,24,29,31,31,31,31,0,0,0,33,0,4,6,265,265,271,208,265,265,265,265,265,171,271,94,94,87,87,89,94,95,97,105,120,120,133,133,133,133,133,133,133,133,133,133,133,133,133,133,133,133,133,133,133,133,133,133,133,133,29975,29976,29976,29976,29973,29970,29978,29979,29979,29980,29980,29981,29981,29981,29981,29981,29982,29983,29985,29986,29987,29988,29991,29990,29995,29996,29996,29996]} 1. e4 c5 2. Nf3 Nc6 3. Bb5 g6 4. Bxc6 dxc6 5. d3 Bg7 6. h3 Nf6 7. Nc3 Nd7 8. Be3 e5 9. Qd2 h6 {B31: Sicilian: 2...Nc6 3 Bb5 g6.} 10. g4 (10. O-O $142) 10... Qe7 $11 11. O-O-O Nf8 {Black has an edge.} 12. g5 {[#]} (12. Rdg1 $11 {keeps the balance.}) 12... h5 $146 (12... hxg5 $17 {aiming for ...f6.} 13. Bxg5 f6) ({Predecessor:} 12... hxg5 13. Bxg5 f6 14. Be3 Bxh3 15. Rdg1 O-O-O 16. Na4 b6 17. Qc3 Qc7 18. Nd2 Be6 19. Rxh8 Bxh8 {0-1 (38) Lugo,B (2370)-Pogorelov,R (2440) Collado Villalba 1996}) 13. Nh4 Ne6 14. Kb1 Bd7 15. Ne2 ({White should play} 15. Nf5 $14 gxf5 16. exf5) 15... Nd4 16. f4 Nxe2 17. Qxe2 exf4 18. Bxf4 O-O-O 19. Nf3 Rhe8 20. Nd2 Be6 21. e5 Bf5 {[%cal Rg7e5]} 22. Rde1 Rd5 23. Nc4 Qd7 ({Black should try} 23... b5 $1 $11 24. Ne3 Rxe5) 24. Qf2 $14 Bf8 25. Nd6+ Bxd6 26. exd6 Be6 27. Re3 Rf5 28. Qg3 Bd5 29. Rhe1 Re6 30. Rxe6 Bxe6 31. h4 Qd8 32. Re5 (32. b3 $16) 32... Qe8 (32... Rxe5 $11 {remains equal.} 33. Bxe5 Qe8) 33. b3 (33. Qe3 $16) 33... Rxe5 $11 34. Bxe5 Bd7 35. Qe3 b6 36. Kb2 $36 {[%mdl 2048] White is pushing.} Qe6 37. Qf4 (37. Kc3 {is interesting.} Qg4 38. Qf2 Be6 39. Kb2 Qf5 40. Qe3) 37... Kb7 38. Qf6 (38. Kc3 {feels hotter.} Kc8 39. Qe3 Qg4 40. Qf2 Qe6 41. Qe1) 38... Qxf6 39. Bxf6 {[%mdl 4096] Endgame KB-KB} Bf5 40. c4 Be6 41. Kc3 a5 $2 {[%mdl 8192]} (41... Kc8 $11) 42. Bd8 $1 $18 Bf5 43. a3 Be6 44. d4 cxd4+ 45. Kxd4 c5+ 46. Ke5 Kc6 (46... a4 $142 47. bxa4 Bxc4) 47. Bc7 $2 (47. a4 $1 $18) 47... a4 $16 48. bxa4 Bxc4 49. a5 bxa5 50. Bxa5 Bb3 51. Be1 Kd7 52. Bf2 Kc6 {[#]} 53. Bxc5 $1 {[%mdl 512]} Kd7 (53... Kxc5 54. d7) 54. Be3 Kc6 55. Bf4 Kd7 56. Kd4 Kc6 57. Kc3 Bd1 58. Kb4 Bg4 59. a4 {[%cal Ba3a4,Ba4a5][%mdl 32]} Kb6 60. a5+ Ka6 61. Kc5 {And now Kc6 would win.} Bd7 62. Bd2 Kb7 63. Kd5 {Hoping for Ke5.} Bb5 64. Be3 Bc6+ $2 {[%mdl 8192] [#]} (64... Kc8 $16 65. Kc5 Be2) 65. Ke5 $1 {[%cal Re5f6] White mates.} Kc8 {[#]} 66. Kf6 $1 {[%cal Rf6e7]} Kd7 67. Kxf7 Be4 68. Bc5 Bd3 {[#]} 69. a6 $1 {[%mdl 64] Deflection} Bxa6 70. Kxg6 Be2 71. Kf6 Ke8 72. g6 Bc4 73. Kg5 Be6 74. Kxh5 Bd7 75. Kg5 Kf8 76. h5 Kg8 77. h6 Be6 78. h7+ {Accuracy: White = 79%, Black = 72%.} 1-0

[Event "29th CRO-chT Junior 2020"]
[Site "Cakovec"]
[Date "2020.07.17"]
[Round "7.2"]
[White "Juric, Ester"]
[Black "Simunic, Krunoslav"]
[Result "0-1"]
[WhiteElo "1663"]
[BlackElo "2047"]
[Annotator "TA"]
[PlyCount "162"]
[EventDate "2020.07.14"]
[EventType "team-tourn"]
[EventCountry "CRO"]
[SourceTitle "playchess.com"]
[Source "ChessBase"]
[SourceQuality "1"]

{[%evp 23,162,22,17,-1,0,0,0,0,0,0,0,0,0,0,0,-8,0,0,0,0,0,-20,2,-28,-31,-37,-35,-35,-21,-98,-104,-89,-38,-33,0,0,62,58,349,-119,-120,-93,-78,-79,-76,-68,-77,-148,-145,-145,-139,-155,-153,-150,-17,-17,-17,-17,-24,-24,-24,-24,-25,-25,0,0,0,0,0,0,0,-3,-3,-3,-8,-8,-8,-8,-3,-3,0,-8,-8,-29971,-29973,-29971,-29974,-29973,-29973,-29971,-29972,-29972,-29973,-29973,-29974,-29972,-29953,-29951,-29950,-9685,-4763,-29946,-1204,-29951,-29956,-9685,-5077,-29971,-29972,-29968,-29973,-29975,-29980,-29980,-29981,-29983,-29984,-29984,-29979,-29979,-29980,-29979,-29968,-29968,-29970,-29973,-29974,-29974,-29975,-29973,-29970,-29967,-29967,-29965,-29957,-29978,-29978,-29981,-29982,-29982,-29980]} 1. d4 e6 2. c4 d5 3. Nc3 Nf6 4. Bg5 Be7 5. Nf3 h6 6. Bh4 O-O 7. e3 b6 8. Be2 Bb7 9. Bxf6 Bxf6 10. cxd5 exd5 11. b4 c5 12. bxc5 bxc5 13. O-O {D58: Queen's Gambit Declined: Tartakower Defence.} Nc6 14. Rb1 Rb8 15. Qd2 {The position is equal.} cxd4 {[#]} 16. exd4 $146 ({Predecessor:} 16. Nxd4 Nxd4 17. exd4 Bc6 18. Bf3 Qa5 19. Rfd1 {½-½ (19) Kierzek,M (2217)-Richter,G (2084) Niedrhausen 2016}) 16... Na5 17. Ne5 Nc4 18. Nxc4 dxc4 19. Bxc4 Bxd4 20. Rfd1 Bb6 21. Qxd8 Rfxd8 22. Na4 Bd4 23. h3 Rbc8 24. Bxf7+ ({Don't play} 24. Rxb7 Rxc4 25. Nb2 Rc2 $17) 24... Kxf7 25. Rxb7+ Kf6 26. Rf1 (26. Nb2 $11 {keeps the balance.}) 26... Rc2 $36 {[%mdl 3072] Black has strong compensation. Black has strong initiative.} 27. a3 Re8 (27... Rdc8 $17 28. Rb4 R8c4) 28. Rb4 $1 $15 {[%cal Rb4d4]} Rd2 29. Rc4 $1 Re4 (29... Rd3 $11) 30. Nc5 $14 Rf4 $2 {[%mdl 8192] [#]} (30... Ree2 $14) 31. Nb3 $2 (31. g3 $1 $18 {[%cal Rg3f4]} Bxc5 32. Rxf4+ Ke6 33. Re1+ Kd7 34. h4) 31... Rdxf2 $17 32. Rc6+ Kf7 33. Rxf2 Bxf2+ {[%mdl 4096] Endgame KRB-KRN} 34. Kh2 Ra4 35. Nc5 ({White should try} 35. Rc3 Ke6 36. Rd3) 35... Bxc5 36. Rxc5 Rxa3 {KR-KR} 37. Rc7+ Kg6 38. h4 h5 ({Black should play} 38... a5 $17 39. Rc6+ Kf7 40. Rc7+ Kf6 41. Rc6+ Kf5) 39. Rc6+ $11 Kh7 40. Rc5 g6 41. Rc7+ Kh6 42. g3 Ra2+ 43. Kh3 a5 44. Ra7 a4 45. Ra8 Kg7 {...a3 is the strong threat.} 46. Ra7+ Kf6 {And now ...Ra1 would win.} 47. Ra6+ Kf5 {Hoping for ...Ra1.} 48. Ra5+ Ke4 {Strongly threatening ...a3.} 49. Rg5 $1 a3 {aiming for ...Ra1.} 50. Rxg6 Rb2 51. Ra6 a2 52. Ra3 Kd4 {Threatens to win with ...Kc5.} 53. g4 $2 {[%mdl 8192] [#]} (53. Ra7 $11) 53... Rb3+ $1 {[%mdl 576] Promotion} 54. Rxb3 a1=Q 55. gxh5 {KQ-KR} Qf1+ 56. Kg3 Qe1+ 57. Kg2 Qe2+ 58. Kg3 Qxh5 59. Rb4+ Kc5 60. Rg4 Qe5+ 61. Kf3 Qh2 62. Rg5+ Kd4 63. Kg4 Ke4 64. Kh5 Kf4 65. Rg4+ Kf5 {Black mates.} 66. Rg5+ Kf6 67. Rg6+ Kf7 68. Rg5 {[#]} Qh3 $1 69. Rg4 {[#]} Qf3 $1 70. Kg5 Qf6+ 71. Kh5 Qf5+ 72. Rg5 Qh7+ 73. Kg4 Kf6 74. Kg3 Qe4 75. Kh3 Qf3+ 76. Kh2 Qe3 77. Kg2 Qf4 78. Kh3 Qf2 79. Rg3 Kf5 80. h5 Qf1+ 81. Kh2 Qe2+ {[%mdl 64] Double Attack. A wild game. Accuracy: White = 73%, Black = 79%.} 0-1

[Event "29th CRO-chT Junior 2020"]
[Site "Cakovec"]
[Date "2020.07.17"]
[Round "7.3"]
[White "Baric, Marko"]
[Black "Mandaric, Fran"]
[Result "1-0"]
[WhiteElo "1831"]
[BlackElo "1671"]
[Annotator "NA RC"]
[PlyCount "91"]
[EventDate "2020.07.14"]
[EventType "team-tourn"]
[EventCountry "CRO"]
[SourceTitle "playchess.com"]
[Source "ChessBase"]
[SourceQuality "1"]
[TimeControl "5400+30"]

{[%evp 8,91,25,10,18,1,22,0,29,7,0,0,5,13,0,-6,0,0,0,-5,-10,-9,-7,-22,28,18,78,69,79,61,245,265,333,350,418,399,414,380,375,340,385,418,468,517,490,505,495,525,600,32767,32767,32767,337,339,321,350,328,371,384,389,452,498,447,443,506,575,594,614,651,717,669,811,1076,1064,1053,1292,1753,12833,1854,5443,5115,32767,32767,32767,32767,29974]} 1. e4 {[%emt 0:00:30]} c5 {[%emt 0:00:30]} 2. Nf3 {[%emt 0:00:30]} Nc6 {[%emt 0:00:00]} 3. Bb5 {[%emt 0:01:30]} g6 {[%emt 0:00:00]} 4. O-O {[%emt 0:00:30]} Bg7 {[%emt 0:01:30]} 5. Re1 {[%emt 0:00:00]} e5 {[%emt 0:01:30]} 6. c3 {[%emt 0:03:00]} Nge7 {[%emt 0:03:30]} 7. d3 {[%emt 0:04:30] 7.d3 is better than 7.d4.} a6 {[%emt 0:11:30] B31: Sicilian: 2...Nc6 3 Bb5 g6.} 8. Ba4 {[%emt 0:01:30]} O-O {[%emt 0:01:30]} 9. Nbd2 {[%emt 0:02:30]} d6 {[%emt 0:02:30]} 10. Nf1 {[%emt 0:02:30]} b5 {[%emt 0:07:30]} 11. Bc2 {[%emt 0:01:30] [#]} a5 $146 {[%emt 0:04:30]} ({Predecessor:} 11... f5 12. Bb3+ Kh8 13. Ng5 Qe8 14. Qf3 h6 15. Qh3 fxe4 16. Be6 exd3 17. Bxc8 Qxc8 18. g4 Nd5 {0-1 (38) Perez Celis,A (1819)-Perez Barreto,A (1718) Tenerife 2010}) 12. a4 {[%emt 0:07:30]} b4 {[%emt 0:03:30]} 13. Ng3 {[%emt 0:01:30]} Rb8 {[%emt 0:02:30]} 14. Bb3 {[%emt 0:06:30]} Bg4 {[%emt 0:04:30]} 15. Bc4 {[%emt 0:11:30]} bxc3 {[%emt 0:12:30]} 16. bxc3 {[%emt 0:00:30]} d5 {[%emt 0:00:30]} 17. exd5 {[%emt 0:04:30]} Nxd5 {[%emt 0:00:30]} 18. Ne4 {[%emt 0:01:30]} Nxc3 $2 {[%emt 0:07:30]} (18... Kh8 $14) 19. Nxc3 {[%emt 0:08:30]} e4 {[%emt 0:00:30]} 20. Nxe4 {[%emt 0:01:30]} Bxa1 {[%emt 0:02:30]} 21. Bg5 {[%emt 0:00:30]} Bxf3 {[%emt 0:07:30]} 22. gxf3 {[%emt 0:06:30]} ({Less strong is} 22. Qxa1 Qd4 $18) 22... Qd4 {[%emt 0:06:00]} 23. Qxa1 {[%emt 0:12:43]} Qxa1 {[%emt 0:01:08]} 24. Rxa1 {[%emt 0:00:17]} Kg7 {[%emt 0:04:16]} 25. Bf6+ {[%emt 0:00:53]} Kh6 {[%emt 0:00:20]} 26. Nxc5 {[%emt 0:01:07]} Rfe8 {[%emt 0:02:42]} 27. Ne4 {[%emt 0:01:40]} Ne5 {[%emt 0:00:31]} (27... Re5 {[%emt 0:00:53]}) 28. Bxe5 {[%emt 0:00:30]} Rxe5 {[%emt 0:00:39]} 29. Bxf7 {[%emt 0:00:30]} Rf5 {[%emt 0:00:23]} 30. Bc4 {[%emt 0:01:46]} Rxf3 {[%emt 0:00:29]} 31. Kg2 {[%emt 0:00:24]} Rf4 {[%emt 0:01:00]} 32. Bb5 {[%emt 0:01:20]} Rbf8 {[%emt 0:01:01]} 33. Rc1 {[%emt 0:01:09]} g5 {[%emt 0:01:45]} 34. Rc6+ {[%emt 0:00:48]} Kg7 {[%emt 0:01:56]} 35. h3 {[%emt 0:02:05]} g4 {[%emt 0:02:35]} 36. h4 {[%emt 0:01:55]} Kh8 {[%emt 0:00:49]} 37. Ra6 {[%emt 0:00:31]} g3 {[%emt 0:03:02]} 38. fxg3 {[%emt 0:00:35]} Rf1 {[%emt 0:00:15]} 39. h5 {[%emt 0:00:46]} Kg7 {[%emt 0:02:11]} 40. h6+ {[%emt 0:00:17]} Kh8 {[%emt 0:00:09]} 41. Rxa5 {[%emt 0:00:22]} Rb1 {[%emt 0:00:21]} 42. Ra7 {[%emt 0:00:44]} Rb2+ {[%emt 0:00:12]} 43. Kh3 {[%emt 0:00:06]} Rb1 {[%emt 0:01:12]} 44. Ng5 {[%emt 0:01:04]} Rh1+ {[%emt 0:00:30]} 45. Kg2 {[%emt 0:00:30]} Rxh6 {[%emt 0:00:30]} 46. Nf7+ {[%emt 0:00:30] Double Attack} 1-0

[Event "29th CRO-chT Junior 2020"]
[Site "Cakovec"]
[Date "2020.07.17"]
[Round "7.4"]
[White "Markovic, Marko"]
[Black "Cecic-Sule, Dino"]
[Result "0-1"]
[WhiteElo "2232"]
[BlackElo "1695"]
[Annotator "TA"]
[PlyCount "54"]
[EventDate "2020.07.14"]
[EventType "team-tourn"]
[EventCountry "CRO"]
[SourceTitle "playchess.com"]
[Source "ChessBase"]
[SourceQuality "1"]

{[%evp 9,54,2,16,11,12,3,26,-16,-12,-13,-11,-141,-153,-166,-156,-173,-144,-160,-140,-146,-130,-238,-165,-161,-171,-180,-191,-187,-172,-189,-202,-263,-201,-752,-747,-984,-930,-970,-966,-947,-948,-1307,-1310,-1485,-1430,-2508,-1472]} 1. d4 d5 2. c4 e6 3. Nc3 Nf6 4. Nf3 Be7 5. e3 b6 6. b3 {D37: Queen's Gambit Declined: 5 Bf4.} Bb7 7. Bb2 c5 8. Bd3 {White has an edge.} dxc4 9. Bxc4 O-O {[#]} 10. g4 $146 (10. dxc5 $11 Bxc5 11. Qxd8 Rxd8 12. O-O) ({Predecessor:} 10. dxc5 Bxc5 11. O-O Qe7 12. Qe2 Nc6 13. Rad1 Rfd8 14. Ba6 e5 15. Bxb7 Qxb7 16. Nd2 Nb4 17. Nc4 e4 18. Nb5 Qe7 19. Nd4 Nd3 20. Nc6 Qe6 21. Nxd8 Rxd8 22. Bxf6 gxf6 {1-0 (38) Bogdanovich,S (2715)-Yakubboev,N (2520) Mumbai 2020}) 10... cxd4 $17 11. exd4 Bb4 12. a3 Bxc3+ 13. Bxc3 Nd5 14. Rc1 Nd7 15. g5 (15. Bb2 $17) 15... Nxc3 $19 16. Rxc3 Bxf3 17. Rxf3 Qxg5 18. Rg3 Qh6 19. Rhg1 g6 20. Qc2 Rac8 {[#] Hoping for ...b5.} 21. Qb1 $2 (21. Qd2 Qh4 22. Qe3) 21... b5 {Black is clearly winning.} 22. d5 exd5 23. Kf1 dxc4 24. Kg2 Nf6 25. Kh1 c3 26. Qd3 c2 {[#] ...Nh5 is the strong threat.} 27. Rh3 c1=Q {White did not feel at home in the position after the opening. Accuracy: White = 37%, Black = 94%.} 0-1

[Event "29th CRO-chT Junior 2020"]
[Site "Cakovec"]
[Date "2020.07.17"]
[Round "7.5"]
[White "Jambresic, Filip"]
[Black "Muha, Miljenko"]
[Result "1-0"]
[WhiteElo "2077"]
[BlackElo "2310"]
[Annotator "TA"]
[PlyCount "169"]
[EventDate "2020.07.14"]
[EventType "team-tourn"]
[EventCountry "CRO"]
[SourceTitle "playchess.com"]
[Source "ChessBase"]
[SourceQuality "1"]

{[%evp 19,169,43,43,54,46,35,50,41,109,127,120,120,116,98,94,110,122,114,127,121,189,197,226,193,202,145,196,201,189,196,216,174,473,264,429,152,142,120,132,139,147,83,104,36,44,50,202,193,245,243,339,352,569,577,531,549,504,505,489,521,971,243,205,167,164,163,158,153,145,39,70,56,151,119,131,138,313,291,415,382,583,437,1000,937,899,887,800,820,961,1127,1652,1631,1634,1590,1479,1472,1379,823,1030,738,918,903,681,498,2377,2430,2647,2203,29959,12760,29963,29964,29961,29954,4025,1314,29961,29965,29969,29969,29970,29971,29973,29972,29970,29969,29964,0,29970,29971,29971,29972,29970,29968,29972,29974,29974,29974,29981,29982,29982,29983,29982,29983,29993,29994,29994,29989,29989,29989,29989,29990]} 1. e4 e6 2. d4 d5 3. exd5 exd5 4. Nf3 Bd6 5. Bd3 Nc6 6. c3 Nge7 7. O-O Bg4 8. Nbd2 Qd7 9. Re1 O-O-O {9...f6 is the modern continuation.} 10. b4 Ng6 11. b5 {C01: French: Exchange Variation.} Nce7 12. Qa4 Kb8 13. Ne5 {White is slightly better.} Nxe5 (13... Bxe5 $1 $14 14. dxe5 d4 15. cxd4 Qxd4 16. Qxd4 Rxd4) 14. dxe5 $16 Bc5 15. Nb3 Bb6 16. Qb4 Bf5 17. Bf1 Rc8 {[#]} 18. Be3 $146 ({Predecessor:} 18. a4 c5 19. Qf4 Qe6 20. a5 Ng6 21. Qg3 Bd8 22. Ba3 b6 23. Bb2 Bc2 24. c4 {1-0 (40) Bissbort,J (2038)-Kotlyar,D (2295) Ditzingen 2005}) 18... Bxe3 19. Rxe3 Rce8 (19... Ng6 $16) 20. Nc5 Qc8 21. a4 Ng6 22. Qd4 Re7 (22... Rd8 $16) 23. a5 $18 (23. Qxd5 Rd8 $14) 23... Rhe8 {[%cal Rg6e5]} 24. Rae1 (24. Qxd5 $6 Rxe5 25. Qxf7 R8e7 $14) 24... c6 25. a6 bxa6 $2 (25... b6 {might work better.}) 26. bxa6 (26. Nxa6+ $142 Ka8 27. bxc6) 26... Qc7 $2 (26... Nf8 27. Qb4+ Ka8) 27. Bd3 $2 (27. c4 $18 {is more deadly.} dxc4 28. e6 (28. Bxc4 Rxe5 29. Rxe5 Rxe5 $16) (28. Qxc4 h5 $18) 28... fxe6 29. g4 (29. Qxc4 Nf4 $18) (29. Bxc4 Qf4 $18)) 27... Bxd3 $16 28. Nxd3 {Threatens to win with Rb1+.} ({Don't play} 28. Rxd3 $6 Ka8 $11) 28... Qb6 29. Nc5 {Black must now prevent c4.} Ka8 30. g3 (30. e6 $142 {Strongly threatening exf7.} f6 31. h3) 30... Nf8 31. Kg2 (31. Nb7 $1 $16) 31... Ne6 $14 32. Nxe6 Rxe6 $2 (32... fxe6 $14 33. Qa4 Qb5 34. Qxb5 cxb5) 33. Qd3 $1 $18 g6 (33... h5 $142 34. Rb1 Qd8) 34. Rb1 Qc5 {[#]} 35. Rb7 $1 Rxe5 $2 (35... Qc4 36. Qxc4 (36. Rxf7 Qxd3 37. Rxd3 R6e7 $18) 36... dxc4 37. Rxf7 R6e7) 36. Rxe5 Rxe5 37. Rxf7 {[%mdl 4096] Endgame White threatens Qb1 and mate. KQR-KQR} Re8 38. Rxh7 Rf8 39. Qd4 Qb6 40. Rb7 $2 (40. Rh8 Qb8 {[#]} 41. Qc5 $1 {[%mdl 512]}) 40... Qxa6 41. Rc7 Rc8 42. Rd7 Qb6 43. Qxb6 axb6 $16 {KR-KR} 44. Rg7 ({White should try} 44. h4 $16) 44... b5 45. Kf3 Rf8+ {White now steadily converts the win.} (45... c5 $1 $14) 46. Ke3 Rf6 47. f4 c5 $2 (47... Re6+ $16 {was necessary.} 48. Kd3 Kb8) 48. Rc7 $18 d4+ (48... Re6+ $142 49. Kd3 c4+ 50. Kd4 Re2 51. Kxd5 Rxh2) 49. cxd4 c4 (49... Re6+ {is a better defense.} 50. Kd3 c4+ 51. Kc3 Re2) 50. Kd2 Kb8 (50... Ra6 $142 51. Kc3 Ra1) 51. Rc5 Rb6 52. Kc3 b4+ 53. Kb2 c3+ 54. Kb3 Kb7 55. d5 Rd6 56. Kxb4 c2 57. Rxc2 Rxd5 58. Kb3 Kb6 59. Kb2 Rd1 60. Re2 Kc5 61. Kc2 Rh1 (61... Rd6 $142 62. Kc3 Rc6 63. Re5+ Kd6+ 64. Kd4 Rb6) 62. Kd3 Kd6 63. Ke4 Ke6 64. Kf3+ Kf6 65. Kg4 Ra1 66. Rb2 Ra6 67. Rb5 Rc6 68. h4 Rc3 69. h5 gxh5+ 70. Rxh5 Kg6 71. Rb5 Rc6 72. Kh4 Rc4 73. Kg4 Rc6 $1 74. Rb4 {White mates.} Ra6 75. f5+ Kf6 76. Kf4 Rc6 77. g4 Rc7 78. g5+ Kf7 79. g6+ Kf6 80. Rb6+ Kg7 81. Kg5 Rc8 82. f6+ Kf8 83. g7+ Kf7 84. Rb7+ Ke6 85. Kg6 {Accuracy: White = 76%, Black = 42%.} 1-0